50 Jahre Forschungsfördetung in Deutschland
Guardat en:
| Autor principal: | |
|---|---|
| Altres autors: | |
| Format: | Llibre |
| Idioma: | alemany |
| Publicat: |
Berlín
Deutsche Forschungsgemeinschaft
1970
|
| Matèries: | |
| Etiquetes: |
Afegir etiqueta
Sense etiquetes, Sigues el primer a etiquetar aquest registre!
|
MARC
| LEADER | 00000nam a2200000 a 4500 | ||
|---|---|---|---|
| 001 | UCZ5607 | ||
| 003 | CL-VaPUC | ||
| 005 | 20220825162542.0 | ||
| 008 | 951124e19701000GW |||||||||||||||||ger|d | ||
| 999 | |c 241898 |d 241896 | ||
| 040 | |c Pontificia Universidad Católica de Valparaíso | ||
| 082 | 0 | 4 | |a 507.2 |b NIP |2 21 |
| 100 | |a Nipperdey, Thomas |e verfasser |9 587379 | ||
| 245 | 1 | 0 | |a 50 Jahre Forschungsfördetung in Deutschland |
| 246 | 1 | 4 | |a Ein Abrifss der Geschichte der Deutschen Forschungsgemeinschaft 1920 - 1970 |
| 260 | |a Berlín |b Deutsche Forschungsgemeinschaft |c 1970 | ||
| 300 | |a 132 p | ||
| 583 | |a last modification |c 19951124 00:00:00 |k Rodrigo Vera | ||
| 650 | 0 | |a Ciencia |9 255691 | |
| 650 | 0 | |a Investigación científica |9 259857 | |
| 650 | 0 | |a Historia |9 255047 | |
| 651 | 0 | |a Alemania |9 255688 | |
| 700 | |a Schmugge, Ludwig |e verfasser |9 875966 | ||
| 942 | |c BK |2 ddc | ||
| 945 | |d 19951124 00:00:00 |a cmena | ||
| 952 | |0 0 |1 0 |4 0 |6 507_200000000000000_NIP_1970 |7 0 |8 P |9 254539 |a BIBEDU |b BIBEDU |c BIBEDU_PB |d 2019-11-19 |i 1579088 |o 507.2 NIP 1970 |p 1579088 |r 2024-01-25 |w 2019-11-19 |y BK |k FIL | ||